| 000 | 00776nam a22002657a 4500 | ||
|---|---|---|---|
| 008 | 130619b xxu||||| |||| 00| 0 eng d | ||
| 020 | _a984-08 02 42 4 | ||
| 024 | _cAvailable | ||
| 037 | _cAvailable | ||
| 040 |
_aMBSTU LIBRARY _dMBSTU LIBRARY |
||
| 082 |
_222 _a345.0565492 FAC |
||
| 100 | _aFaruk, Omar. | ||
| 110 | _aNurjahan Khatun | ||
| 245 | _aCrime index Bangladesh 2007 | ||
| 260 |
_aDhaka _bAcademic Press. _c2008 |
||
| 300 |
_a23 cm. _bxvi, 91 page _f9 _g23 cm. |
||
| 600 | _2Crime rights of suspects-Bangladesh. | ||
| 650 | _2Crime rights of suspects-Bangladesh. | ||
| 700 | _aFaruk, Omar. | ||
| 710 | _aNurjahan Khatun | ||
| 270 |
_aDhaka _bDhaka _dBangladesh |
||
| 365 |
_b261.00 _d261.00 |
||
| 942 |
_2ddc _cBK |
||
| 999 |
_c505 _d505 |
||